Normal view
MARC view
Entry Personal Name
001 - CONTROL NUMBER
- control field: 1386
003 - CONTROL NUMBER IDENTIFIER
- control field: ARRUPE
005 - DATE AND TIME OF LATEST TRANSACTION
- control field: 20130926123914.0
008 - FIXED-LENGTH DATA ELEMENTS
- fixed length control field: 130926|| aca||aabn | a|a d
040 ## - CATALOGING SOURCE
- Original cataloging agency: ARRUPE
- Transcribing agency: ARRUPE
100 ## - HEADING--PERSONAL NAME
- Personal name: Hellwig, Monika.
670 ## - SOURCE DATA FOUND
- Source citation: Work cat.: (ARRUPE)0: Hellwig, Monika., What are the theologians saying now? :, 1992.